ARRUPE JESUIT UNIVERSITY

CORONAVIRUS -STOP THE SPREAD - CLEAN,DISINFECT,COVER
Normal view MARC view

Entry Personal Name

Number of records used in: 2

001 - CONTROL NUMBER

  • control field: 49026

003 - CONTROL NUMBER IDENTIFIER

  • control field: ARRUPE

005 - DATE AND TIME OF LATEST TRANSACTION

  • control field: 20200122102716.0

008 - FIXED-LENGTH DATA ELEMENTS

  • fixed length control field: 200122|| aca||aabn | a|a d

040 ## - CATALOGING SOURCE

  • Original cataloging agency: ARRUPE
  • Transcribing agency: ARRUPE

100 ## - HEADING--PERSONAL NAME

  • Personal name: Priestley, J. B.
  • Fuller form of name: (John Boynton),
  • Dates associated with a name: 1894-1984.

670 ## - SOURCE DATA FOUND

  • Source citation: Work cat.: (ARRUPE)0: Priestley, J. B. (John Boynton), 1894-1984., The Prince of Pleasure and his Regency, 1811-20, 1971

 

Arrupe Library. PO Box MP320 Mt Pleasant, Harare, Zimbabwe
263 242 745411|librarian@aju.ac.zw